Unfunded mandates and fiscal structure: (Record no. 506931)

000 -LEADER
fixed length control field 01605nam a2200193Ia 4500
008 - FIXED-LENGTH DATA ELEMENTS--GENERAL INFORMATION
fixed length control field 181130s2018 xx 000 0 und d
100 ## - MAIN ENTRY--PERSONAL NAME
Personal name Ross, Justin M.
245 ## - TITLE STATEMENT
Title Unfunded mandates and fiscal structure:
Remainder of title empirical evidence from a synthetic control model
260 ## - PUBLICATION, DISTRIBUTION, ETC.
Date of publication, distribution, etc. 2018
300 ## - PHYSICAL DESCRIPTION
Extent p.92-103.
504 ## - BIBLIOGRAPHY, ETC. NOTE
-- Jan/Feb
520 ## - SUMMARY, ETC.
Summary, etc. An unfunded expenditure mandate occurs when governments are required to provide a good or service by a higher level of government without an accompanying revenue source. There are no empirical studies providing causal evidence on the fiscal influence of intergovernmental mandates. This article examines Florida's 1990 constitutional Amendment 3, which sought to limit unfunded state mandates on municipal and county governments. The synthetic control method, an empirical technique for drawing causal inferences from case studies, estimates the effect of Amendment 3 on state expenditures and total transfers to local governments. The results indicate that state expenditures increased by an annual average of 9.5 percent, while state transfers to all local governments were unaffected. However, the municipalities protected by Amendment 3 saw intergovernmental revenue from the state decrease by 10 percent annually, which suggests that remaining mandates likely targeted special districts, encouraging the fragmentation of local public service delivery. - Reproduced.
650 ## - SUBJECT ADDED ENTRY--TOPICAL TERM
Topical term or geographic name entry element Federalism
650 ## - SUBJECT ADDED ENTRY--TOPICAL TERM
Topical term or geographic name entry element Fiscal federalism
650 ## - SUBJECT ADDED ENTRY--TOPICAL TERM
Topical term or geographic name entry element Public finance
650 ## - SUBJECT ADDED ENTRY--TOPICAL TERM
Topical term or geographic name entry element State finance
773 ## - HOST ITEM ENTRY
Main entry heading Public Administration Review
906 ## - LOCAL DATA ELEMENT F, LDF (RLIN)
a Public finance
Holdings
Withdrawn status Lost status Damaged status Not for loan Permanent Location Current Location Date acquired Serial Enumeration / chronology Barcode Date last seen Price effective from Koha item type
        Indian Institute of Public Administration Indian Institute of Public Administration 2018-12-07 78(1), Jan/Feb, 2018: p.92-103. AR118726 2018-12-07 2018-12-07 Articles

Powered by Koha